Crossing cultures with Jesus : (Record no. 3981)
[ view plain ]
| 000 -LEADER | |
|---|---|
| fixed length control field | 01954cam a22003738i 4500 |
| 001 - CONTROL NUMBER | |
| control field | 866931 |
| 003 - CONTROL NUMBER IDENTIFIER | |
| control field | OSt |
| 005 - DATE AND TIME OF LATEST TRANSACTION | |
| control field | 20181127164520.0 |
| 008 - FIXED-LENGTH DATA ELEMENTS--GENERAL INFORMATION | |
| fixed length control field | 150825s2015 ilu b 000 0 eng |
| 010 ## - LIBRARY OF CONGRESS CONTROL NUMBER | |
| LC control number | 2015033452 |
| 020 ## - INTERNATIONAL STANDARD BOOK NUMBER | |
| International Standard Book Number | 9780830844388 (pbk. : alk. paper) |
| 020 ## - INTERNATIONAL STANDARD BOOK NUMBER | |
| International Standard Book Number | 0830844384 (pbk. : alk. paper) |
| 035 ## - SYSTEM CONTROL NUMBER | |
| System control number | (OCoLC)ocn909329097 |
| 040 ## - CATALOGING SOURCE | |
| Original cataloging agency | DLC |
| Language of cataloging | eng |
| Description conventions | rda |
| Transcribing agency | DLC |
| Modifying agency | BTCTA |
| -- | OCLCO |
| -- | YDXCP |
| -- | OCLCF |
| -- | XBE |
| -- | PTS |
| 042 ## - AUTHENTICATION CODE | |
| Authentication code | pcc |
| 049 ## - LOCAL HOLDINGS (OCLC) | |
| Holding library | PTSS |
| 050 00 - LIBRARY OF CONGRESS CALL NUMBER | |
| Classification number | BV4520 |
| Item number | .R39 2015 |
| 082 00 - DEWEY DECIMAL CLASSIFICATION NUMBER | |
| Classification number | 248.5 |
| Edition number | 23 |
| Item number | R262C |
| 100 1# - MAIN ENTRY--PERSONAL NAME | |
| Personal name | Rawson, Katie J., |
| Dates associated with a name | 1951-, |
| Relator term | author. |
| 245 10 - TITLE STATEMENT | |
| Title | Crossing cultures with Jesus : |
| Remainder of title | sharing good news with sensitivity and grace / |
| Statement of responsibility, etc. | Katie J. Rawson. |
| 263 ## - PROJECTED PUBLICATION DATE | |
| Projected publication date | 1511 |
| 264 #1 - PRODUCTION, PUBLICATION, DISTRIBUTION, MANUFACTURE, AND COPYRIGHT NOTICE | |
| Place of production, publication, distribution, manufacture | Downers Grove : |
| Name of producer, publisher, distributor, manufacturer | InterVarsity Press, |
| Date of production, publication, distribution, manufacture, or copyright notice | 2015. |
| 300 ## - PHYSICAL DESCRIPTION | |
| Extent | 208 pages ; |
| Dimensions | 21 cm |
| 336 ## - CONTENT TYPE | |
| Content type term | text |
| Content type code | txt |
| Source | rdacontent |
| 337 ## - MEDIA TYPE | |
| Media type term | unmediated |
| Media type code | n |
| Source | rdamedia |
| 338 ## - CARRIER TYPE | |
| Carrier type term | volume |
| Carrier type code | nc |
| Source | rdacarrier |
| 504 ## - BIBLIOGRAPHY, ETC. NOTE | |
| Bibliography, etc. note | Includes bibliographical references. |
| 505 0# - FORMATTED CONTENTS NOTE | |
| Formatted contents note | The challenge and opportunity of crosscultural evangelism -- Love at the heart of the universe: a completely good and beautiful God -- Entering -- Keeping in step with the spirit -- Praying and exercising spiritual authority -- Developing trust relationships -- Examining worldview lenses: log and specks -- Understanding value systems: honor, innocence, joy, and power -- Drawing in -- Communities that draw in: living and sharing good news -- Conversion in community: five stages -- Communication that connects -- Stories that bring change: understanding and sharing the gospel -- Making disciples in community. |
| 650 #0 - SUBJECT ADDED ENTRY--TOPICAL TERM | |
| Topical term or geographic name entry element | Witness bearing (Christianity) |
| 650 #0 - SUBJECT ADDED ENTRY--TOPICAL TERM | |
| Topical term or geographic name entry element | Christianity and other religions. |
| 650 #0 - SUBJECT ADDED ENTRY--TOPICAL TERM | |
| Topical term or geographic name entry element | Intercultural communication |
| General subdivision | Religious aspects |
| -- | Christianity. |
| 776 08 - ADDITIONAL PHYSICAL FORM ENTRY | |
| Relationship information | Online version: |
| Main entry heading | Rawson, Katie J., 1951- |
| Title | Crossing cultures with Jesus |
| Place, publisher, and date of publication | Downers Grove : InterVarsity Press, 2015 |
| International Standard Book Number | 9780830898923 |
| Record control number | (DLC) 2015034060 |
| 942 ## - ADDED ENTRY ELEMENTS (KOHA) | |
| Source of classification or shelving scheme | Dewey Decimal Classification |
| Koha item type | Books |
| Withdrawn status | Lost status | Source of classification or shelving scheme | Damaged status | Not for loan | Collection code | Home library | Current library | Shelving location | Date acquired | Cost, normal purchase price | Total Checkouts | Full call number | Barcode | Date last seen | Price effective from | Koha item type |
|---|---|---|---|---|---|---|---|---|---|---|---|---|---|---|---|---|
| Dewey Decimal Classification | Not For Loan | Non-fiction | Harvest Mission College | Harvest Mission College | General Stacks | 27.11.2018 | 190.00 | 248.5 R262C | 004619 | 27.11.2018 | 27.11.2018 | Books |
